00928nam a22002177a 4500999001700000003000900017008004100026040007100067082001900138100003500157245006000192260005700252300002800309505014600337650002700483650003900510650002500549942001600574945002100590952009900611 c18670d18670AR-CdUCM190514b ||||| |||| 00| 0 spa d aMUNICIPALIDAD PROVINCIAL DEL CUSCOcBIBLIOTECA MUNICIPAL DEL CUSCO a985.0081 /bG2 aGarcía Calderón, Francisco aEn torno al Perú y América :bpáginas escogidas / aLima :bJuan Mejía Baca & P. L. Villanueva,c1954. a340 páginas ;c23 cm. aContenido: El Perú contemporáneo -- Hombres e ideas de nuestro tiempo -- Memoria presentada al congreso de filosofía de Heildelberg... aPanamericanismo939402 aFilosofía latinoamericana914497 aCivilización91048 2ddccLIBROS adavvd2019-05-14 002ddc4070aSHbSHcCARTd2019-05-14g50.00o985.0081 / G2pSH0000013955r2019-05-14yLIBROS